| 000 | 00538nam a22001937a 4500 | ||
|---|---|---|---|
| 999 |
_c172011 _d172011 |
||
| 005 | 20200124150948.0 | ||
| 010 | _aA-645628 | ||
| 020 | _c70.00 | ||
| 035 | _aA-645628 | ||
| 037 | _bBPPD/Pub. | ||
| 082 | _a921 | ||
| 100 | _aاسلم پرویز | ||
| 245 |
_aبہادر شاہ ظفر / _cاسلم پرویز |
||
| 246 |
_aBahadur Shah Zafar (Urdu) / _bby Aslam Parvez |
||
| 260 |
_aNew Delhi _bAnjuman Taraqqi Urdu _c1986 ء |
||
| 270 |
_a- _b- _e- |
||
| 300 |
_a405p. _c22cm(Hb) |
||
| 942 |
_2ddc _cUR _h921 _mظ ف ر |
||